Židovské památky Tachovska, Plánska a Stříbrska = Jüdische Denkmäler im Tachauer, Planer und Mieser Land / Jiří Fiedler, Václav Fred Chvátal
Record details
- ISBN: 978-80-86125-81-7
- Physical Description: 264 s. : il., portréty, plány, faksim. ; 24 cm
- Publisher: V Domažlicích : Nakladatelství Českého lesa, 2008
Content descriptions
| General Note: | Část. přeloženo z hebrejštiny |
| Bibliography, etc. Note: | Obsahuje bibliografii |
| Language Note: | Část. souběžný německý text |
Search for related items by subject
| Genre: | katalogy catalogs |
Search for related items by series
Available copies
- 1 of 1 copy available at Common Catalog SPOK.
Holds
- 0 current holds with 1 total copy.
Show All Copies
| Location | Call Number / Copy Notes | Barcode | Shelving Location | Status | Due Date |
|---|---|---|---|---|---|
| The Jewish community of Prague | J 1474 | 4638303153 | J - Judaika | Available | - |
| LDR | 02067nam a2200529 a 4500 | ||
|---|---|---|---|
| 001 | 55001 | ||
| 003 | CZ-PrJAB | ||
| 005 | 20080522083233.0 | ||
| 007 | ta | ||
| 008 | 080314s2008 xr acehe c 000 0 cze | ||
| 015 | . | ‡acnb001796431 | |
| 020 | . | ‡a978-80-86125-81-7 ‡q(váz.) | |
| 035 | . | ‡a(CZ PrNK)nkc20081796431 | |
| 035 | . | ‡a(OCoLC)228782630 | |
| 040 | . | ‡aABA001 ‡bcze | |
| 041 | 1 | . | ‡acze ‡ager ‡hcze ‡hheb |
| 043 | . | ‡ae-xr--- ‡be-xr-pl ‡2czenas | |
| 072 | 7. | ‡a904 ‡xKulturní památky historického období obecně ‡2Konspekt ‡98 | |
| 080 | . | ‡a(=411.16) ‡2MRF | |
| 080 | . | ‡a904(=411.16) ‡2MRF | |
| 080 | . | ‡a(437.317) ‡2MRF | |
| 080 | . | ‡a(083.81) ‡2MRF | |
| 100 | 1 | . | ‡aFiedler, Jiří, ‡d1935-2014 ‡7jk01031083 ‡4aut |
| 245 | 1 | 0. | ‡aŽidovské památky Tachovska, Plánska a Stříbrska = ‡bJüdische Denkmäler im Tachauer, Planer und Mieser Land / ‡cJiří Fiedler, Václav Fred Chvátal |
| 246 | 3 | 1. | ‡aJüdische Denkmäler im Tachauer, Planer und Mieser Land |
| 260 | . | ‡aV Domažlicích : ‡bNakladatelství Českého lesa, ‡c2008 | |
| 300 | . | ‡a264 s. : ‡bil., portréty, plány, faksim. ; ‡c24 cm | |
| 490 | 1 | . | ‡aPrůvodce historií západních Čech |
| 500 | . | ‡aČást. přeloženo z hebrejštiny | |
| 504 | . | ‡aObsahuje bibliografii | |
| 546 | . | ‡aČást. souběžný německý text | |
| 650 | 0 | 7. | ‡aŽidé ‡7ph127782 ‡zČesko ‡2czenas |
| 650 | 0 | 7. | ‡ažidovské památky ‡7ph135231 ‡zČesko ‡2czenas |
| 650 | 0 | 9. | ‡aJews ‡zCzechia ‡2eczenas |
| 650 | 0 | 9. | ‡aJewish monuments ‡zCzechia ‡2eczenas |
| 651 | 7. | ‡aTachov (Česko : oblast) ‡7ge131034 ‡2czenas | |
| 651 | 7. | ‡aPlaná (Tachov, Česko : oblast) ‡7ge130429 ‡2czenas | |
| 651 | 7. | ‡aStříbro (Česko : oblast) ‡7ge130995 ‡2czenas | |
| 651 | 9. | ‡aTachov Region (Czechia) ‡2eczenas | |
| 651 | 9. | ‡aPlaná Region (Tachov, Czechia) ‡2eczenas | |
| 651 | 9. | ‡aStříbro Region (Czechia) ‡2eczenas | |
| 655 | 7. | ‡akatalogy ‡7fd132535 ‡2czenas | |
| 655 | 9. | ‡acatalogs ‡2eczenas | |
| 700 | 1 | . | ‡aChvátal, Václav, ‡d1968- ‡7jn20030408007 ‡4aut |
| 830 | 0. | ‡aPrůvodce historií západních Čech | |
| 910 | . | ‡aABE461 | |
| 995 | . | ‡aska | |
| 901 | . | ‡a55001 ‡bAUTOGEN ‡c55001 ‡tbiblio | |